| 000 | 00369nam a2200145Ia 4500 | ||
|---|---|---|---|
| 008 | 150201s1966 xx 000 0 und d | ||
| 082 |
_a617.6 _bT1966B |
||
| 100 | _aBENI SOLOW | ||
| 245 | _aTHE PATTERN OF CRANIOFACIAL ASSOCIATION | ||
| 250 | _a1ST | ||
| 260 |
_bROYAL DENTAL COLLEGE _aDELHI _c1966 |
||
| 300 | _a1-174 | ||
| 650 | _aGENERAL DENTISTRY | ||
| 942 |
_2ddc _cBK |
||
| 999 |
_c3271 _d3271 |
||